Normal view
MARC view
Entry Personal Name
001 - CONTROL NUMBER
- control field: 28024
003 - CONTROL NUMBER IDENTIFIER
- control field: OSt
005 - DATE AND TIME OF LATEST TRANSACTION
- control field: 20230714142612.0
008 - FIXED-LENGTH DATA ELEMENTS
- fixed length control field: 230714|| aca||aabn | a|a d
040 ## - CATALOGING SOURCE
- Original cataloging agency: OSt
- Transcribing agency: OSt
100 ## - HEADING--PERSONAL NAME
- Personal name: သိန်းကြီး၊
- Titles and other words associated with a name: ဆရာ၊
- Miscellaneous information: မော်ပီ။
670 ## - SOURCE DATA FOUND
- Source citation: Work cat.: (OSt): သိန်းကြီး၊ ဆရာ၊ မော်ပီ။, ပစပ်ရာဇဝင် ပ-ဒု နှစ်တွဲပေါင်း /, ၁၉၆၇။